01375cam a22003374a 450000100090000000300040000900500170001300800410003001000170007101600200008802000310010802000280013903500240016704000420019104200080023305000220024106000150026306000230027808200210030111100440032224501670036626000320053330000320056549001290059750400510072665000500077765000300082765000370085770000240089483001190091815599737OSt20150408113918.0090121s2009 gw a b 101 0 eng c a 20099211167 a1015256202DNLM a9783642004124 (alk. paper) a3642004121 (alk. paper) a(OCoLC)ocn433567954 aNLMcNLMdNWQdOHXdBTCTAdYDXCPdDLC apcc00aR858.A2bE22 200800a2010 C-04910aW 26.5bE339e 2009 221a610.285bEHE2 aeHealth 2008d(2008 :cLondon, England)10aElectronic healthcare :bFirst International Conference, eHealth 2008, London, UK, September 8-9, 2008 : revised selected papers /c[edited by] Dasun Weerasinghe. aBerlin :bSpringer,cc2009. axi, 222 p. :bill. ;c24 cm1 aLecture notes of the Institute for Computer Sciences, Social Informatics and Telecommunications Engineering,x1867-8211 ;v1 aIncludes bibliographical references and index.12aMedical Informatics ApplicationsvCongresses.22aTelemedicinevCongresses. 0aMedical informaticsvCongresses.1 aWeerasinghe, Dasun. 0aLecture notes of the Institute for Computer Sciences, Social Informatics, and Telecommunications Engineering ;v1.